Finančný plán v spoločnosti TIK Slovakia, s.r.o. diplomová práca

Salvato in:
Dettagli Bibliografici
Autore principale: Kulcsárová, Silvia
Ente Autore: Podnikovohospodárska fakulta EU so sídlom v Košiciach. Katedra účtovníctva a financií
Altri autori: Varcholová, Tatiana
Natura: Libro
Lingua:slovacco
Pubblicazione: Košice 2009
Tags: Aggiungi Tag
Nessun Tag, puoi essere il primo ad aggiungerne!!

MARC

LEADER 00000nam$a2200000$$$4500
001 0098649
005 20240320074945.8
041 0 |a slo 
044 |a SK 
245 1 0 |a Finančný plán v spoločnosti TIK Slovakia, s.r.o.  |b diplomová práca  |c Silvia Kulcsárová ; škol. Tatiana Varcholová 
264 1 |a Košice  |c 2009 
300 |a 82 s. 
100 1 |a Kulcsárová, Silvia 
700 1 |a Varcholová, Tatiana 
710 2 |a Podnikovohospodárska fakulta EU so sídlom v Košiciach. Katedra účtovníctva a financií